[Event "ODJM A 2024"]
[Site "Willingen GER"]
[Date "2024.05.25"]
[Round "9"]
[White "Brunner, Tobias"]
[Black "Grunert, Friedrich"]
[Result "1-0"]
[Termination "normal"]
[Board "6"]
[WhiteElo "1997"]
[BlackElo "1977"]
[WhiteClock "00:11:52"]
[BlackClock "00:34:37"]
[PlyCount "61"]
[WhiteFideId "12949833"]
[BlackFideId "12995592"]
[EventCountry "GER"]
[EventRounds "9"]
[EventType "swiss"]
[EventDate "2024.05.18"]

1. f4 {[%clk 01:30:51]} {[%emt 00:00:07]} d5 {[%clk 01:30:57]} {[%emt
00:00:04]} 2. Nf3 {[%clk 01:31:12]} {[%emt 00:00:09]} c5 {[%clk 01:31:24]}
{[%emt 00:00:04]} 3. d3 {[%clk 01:29:09]} {[%emt 00:02:32]} Nc6 {[%clk
01:31:50]} {[%emt 00:00:04]} 4. Nbd2 {[%clk 01:29:15]} {[%emt 00:00:23]} g6
{[%clk 01:32:06]} {[%emt 00:00:14]} 5. g3 {[%clk 01:29:28]} {[%emt 00:00:16]}
Bg7 {[%clk 01:32:33]} {[%emt 00:00:03]} 6. Bg2 {[%clk 01:29:52]} {[%emt
00:00:06]} d4 {[%clk 01:32:52]} {[%emt 00:00:12]} 7. O-O {[%clk 01:30:13]}
{[%emt 00:00:09]} Nh6 {[%clk 01:33:20]} {[%emt 00:00:02]} 8. Nc4 {[%clk
01:21:02]} {[%emt 00:09:41]} O-O {[%clk 01:30:45]} {[%emt 00:03:04]} 9. a4
{[%clk 01:19:13]} {[%emt 00:02:20]} Nf5 {[%clk 01:29:01]} {[%emt 00:02:14]} 10.
Bd2 {[%clk 01:14:54]} {[%emt 00:04:48]} Qc7 {[%clk 01:26:18]} {[%emt 00:03:14]}
11. Qc1 {[%clk 01:10:10]} {[%emt 00:05:14]} Be6 {[%clk 01:22:59]} {[%emt
00:03:48]} 12. Na3 {[%clk 00:59:45]} {[%emt 00:10:56]} Rad8 {[%clk 01:19:45]}
{[%emt 00:03:42]} 13. Ng5 {[%clk 00:58:09]} {[%emt 00:02:07]} Bd5 {[%clk
01:17:45]} {[%emt 00:02:31]} 14. Bxd5 {[%clk 00:55:58]} {[%emt 00:02:40]} Rxd5
{[%clk 01:18:10]} {[%emt 00:00:04]} 15. g4 {[%clk 00:56:02]} {[%emt 00:00:26]}
Ne3 {[%clk 01:08:40]} {[%emt 00:10:00]} 16. Bxe3 {[%clk 00:53:30]} {[%emt
00:03:03]} dxe3 {[%clk 01:08:02]} {[%emt 00:01:08]} 17. c3 {[%clk 00:53:48]}
{[%emt 00:00:12]} Qd7 {[%clk 00:59:30]} {[%emt 00:09:03]} 18. h3 {[%clk
00:52:16]} {[%emt 00:02:01]} h5 {[%clk 00:59:34]} {[%emt 00:00:27]} 19. Nc2
{[%clk 00:42:40]} {[%emt 00:10:06]} hxg4 {[%clk 00:57:07]} {[%emt 00:02:57]}
20. Nxe3 {[%clk 00:39:26]} {[%emt 00:03:44]} Rxg5 {[%clk 00:56:15]} {[%emt
00:01:22]} 21. fxg5 {[%clk 00:39:37]} {[%emt 00:00:19]} gxh3 {[%clk 00:56:42]}
{[%emt 00:00:03]} 22. Qe1 {[%clk 00:38:27]} {[%emt 00:01:39]} Be5 {[%clk
00:50:26]} {[%emt 00:06:46]} 23. Qh4 {[%clk 00:36:59]} {[%emt 00:01:58]} f6
{[%clk 00:44:11]} {[%emt 00:06:44]} 24. Rf3 {[%clk 00:30:56]} {[%emt 00:06:34]}
h2+ {[%clk 00:42:14]} {[%emt 00:02:28]} 25. Kh1 {[%clk 00:31:24]} {[%emt
00:00:01]} Rf7 {[%clk 00:42:23]} {[%emt 00:00:19]} 26. Raf1 {[%clk 00:23:11]}
{[%emt 00:08:45]} f5 {[%clk 00:38:15]} {[%emt 00:04:39]} 27. Qh6 {[%clk
00:17:08]} {[%emt 00:06:32]} Qe6 {[%clk 00:35:51]} {[%emt 00:02:54]} 28. Nxf5
{[%clk 00:11:35]} {[%emt 00:06:03]} Rh7 {[%clk 00:34:08]} {[%emt 00:02:12]} 29.
Nxe7+ {[%clk 00:11:28]} {[%emt 00:00:37]} Qxe7 {[%clk 00:34:11]} {[%emt
00:00:27]} 30. Rf8+ {[%clk 00:11:52]} {[%emt 00:00:06]} Qxf8 {[%clk 00:34:37]}
{[%emt 00:00:04]} 31. Rxf8# {[%emt 00:00:05]} 1-0

[Event "ODJM A 2024"]
[Site "Willingen GER"]
[Date "2024.05.25"]
[Round "9"]
[White "Drygala, Lars"]
[Black "Langner, Jasper"]
[Result "1/2-1/2"]
[Termination "normal"]
[Board "7"]
[WhiteElo "1994"]
[BlackElo "1999"]
[WhiteClock "01:11:37"]
[BlackClock "01:28:26"]
[PlyCount "26"]
[WhiteFideId "34617779"]
[BlackFideId "16202554"]
[EventCountry "GER"]
[EventRounds "9"]
[EventType "swiss"]
[EventDate "2024.05.18"]

1. d4 {[%clk 01:30:57]} {[%emt 00:00:02]} d5 {[%clk 01:30:46]} {[%emt
00:00:13]} 2. Bf4 {[%clk 01:31:12]} {[%emt 00:00:17]} Nf6 {[%clk 01:31:05]}
{[%emt 00:00:09]} 3. e3 {[%clk 01:31:29]} {[%emt 00:00:14]} c5 {[%clk
01:31:25]} {[%emt 00:00:09]} 4. Nf3 {[%clk 01:31:43]} {[%emt 00:00:17]} Nc6
{[%clk 01:31:41]} {[%emt 00:00:13]} 5. Nbd2 {[%clk 01:31:33]} {[%emt 00:00:42]}
Qb6 {[%clk 01:31:59]} {[%emt 00:00:12]} 6. dxc5 {[%clk 01:31:53]} {[%emt
00:00:11]} Qxb2 {[%clk 01:32:25]} {[%emt 00:00:04]} 7. Rb1 {[%clk 01:26:14]}
{[%emt 00:06:09]} Qc3 {[%clk 01:32:00]} {[%emt 00:00:55]} 8. Rb3 {[%clk
01:22:50]} {[%emt 00:03:53]} Qa5 {[%clk 01:31:03]} {[%emt 00:01:28]} 9. Rb5
{[%clk 01:20:25]} {[%emt 00:02:54]} Qc3 {[%clk 01:28:17]} {[%emt 00:03:17]} 10.
Rb3 {[%clk 01:14:24]} {[%emt 00:06:31]} Qa5 {[%clk 01:28:31]} {[%emt 00:00:16]}
11. Rb5 {[%clk 01:11:16]} {[%emt 00:03:39]} Qc3 {[%clk 01:28:34]} {[%emt
00:00:27]} 12. Rb3 {[%clk 01:11:30]} {[%emt 00:00:16]} Qa5 {[%clk 01:28:26]}
{[%emt 00:00:37]} 13. Rb5 {[%clk 01:11:37]} {[%emt 00:00:24]} Qc3 {[%emt
00:00:39]} 1/2-1/2

[Event "ODJM A 2024"]
[Site "Willingen GER"]
[Date "2024.05.25"]
[Round "9"]
[White "Kliashtornyi, Arkadii"]
[Black "Kamp, Aaron"]
[Result "1-0"]
[Termination "normal"]
[Board "8"]
[WhiteElo "1968"]
[BlackElo "1996"]
[WhiteClock "00:28:38"]
[BlackClock "00:08:24"]
[PlyCount "77"]
[WhiteFideId "34119698"]
[BlackFideId "16231120"]
[EventCountry "GER"]
[EventRounds "9"]
[EventType "swiss"]
[EventDate "2024.05.18"]

1. d4 {[%clk 01:30:57]} {[%emt 00:00:02]} Nf6 {[%clk 01:30:51]} {[%emt
00:00:08]} 2. g3 {[%clk 01:31:22]} {[%emt 00:00:06]} d5 {[%clk 01:31:11]}
{[%emt 00:00:10]} 3. Nf3 {[%clk 01:31:47]} {[%emt 00:00:05]} g6 {[%clk
01:31:33]} {[%emt 00:00:07]} 4. Bg2 {[%clk 01:32:12]} {[%emt 00:00:06]} Bg7
{[%clk 01:31:56]} {[%emt 00:00:06]} 5. c4 {[%clk 01:32:23]} {[%emt 00:00:20]}
c6 {[%clk 01:32:19]} {[%emt 00:00:05]} 6. cxd5 {[%clk 01:32:43]} {[%emt
00:00:11]} cxd5 {[%clk 01:32:42]} {[%emt 00:00:07]} 7. O-O {[%clk 01:32:57]}
{[%emt 00:00:18]} Nc6 {[%clk 01:32:01]} {[%emt 00:01:08]} 8. Nc3 {[%clk
01:30:04]} {[%emt 00:03:23]} Ne4 {[%clk 01:32:22]} {[%emt 00:00:09]} 9. Ne5
{[%clk 01:04:18]} {[%emt 00:26:17]} Nxc3 {[%clk 01:32:11]} {[%emt 00:00:41]}
10. bxc3 {[%clk 01:03:56]} {[%emt 00:00:53]} O-O {[%clk 01:27:29]} {[%emt
00:05:11]} 11. Nxc6 {[%clk 01:04:21]} {[%emt 00:00:06]} bxc6 {[%clk 01:27:52]}
{[%emt 00:00:06]} 12. Qa4 {[%clk 01:04:20]} {[%emt 00:00:30]} Bd7 {[%clk
01:24:56]} {[%emt 00:03:26]} 13. Bf4 {[%clk 00:57:42]} {[%emt 00:07:07]} c5
{[%clk 01:21:10]} {[%emt 00:04:17]} 14. Qb3 {[%clk 00:54:49]} {[%emt 00:03:23]}
Bc6 {[%clk 01:13:28]} {[%emt 00:08:12]} 15. e3 {[%clk 00:52:44]} {[%emt
00:02:36]} Qd7 {[%clk 01:07:47]} {[%emt 00:06:10]} 16. h3 {[%clk 00:43:28]}
{[%emt 00:09:46]} h6 {[%clk 01:03:36]} {[%emt 00:04:41]} 17. g4 {[%clk
00:43:45]} {[%emt 00:00:14]} cxd4 {[%clk 01:00:14]} {[%emt 00:03:52]} 18. cxd4
{[%clk 00:43:35]} {[%emt 00:00:40]} e6 {[%clk 00:52:45]} {[%emt 00:07:59]} 19.
Rfc1 {[%clk 00:42:06]} {[%emt 00:01:59]} Rac8 {[%clk 00:49:49]} {[%emt
00:03:26]} 20. Bf1 {[%clk 00:38:47]} {[%emt 00:03:49]} Ba4 {[%clk 00:41:26]}
{[%emt 00:08:54]} 21. Qb4 {[%clk 00:35:54]} {[%emt 00:03:23]} Rfd8 {[%clk
00:24:56]} {[%emt 00:17:00]} 22. Qa5 {[%clk 00:29:40]} {[%emt 00:06:44]} Bf8
{[%clk 00:19:54]} {[%emt 00:05:32]} 23. Ba6 {[%clk 00:27:09]} {[%emt 00:03:02]}
Rxc1+ {[%clk 00:18:13]} {[%emt 00:02:11]} 24. Rxc1 {[%clk 00:27:30]} {[%emt
00:00:08]} Bc6 {[%clk 00:13:22]} {[%emt 00:05:21]} 25. Rxc6 {[%clk 00:25:15]}
{[%emt 00:02:46]} Qxc6 {[%clk 00:10:46]} {[%emt 00:03:05]} 26. Qxd8 {[%clk
00:25:36]} {[%emt 00:00:09]} Qxa6 {[%clk 00:10:28]} {[%emt 00:00:48]} 27. Bxh6
{[%clk 00:25:58]} {[%emt 00:00:08]} Qd6 {[%clk 00:10:14]} {[%emt 00:00:43]} 28.
Qxf8+ {[%clk 00:26:17]} {[%emt 00:00:11]} Qxf8 {[%clk 00:10:36]} {[%emt
00:00:07]} 29. Bxf8 {[%clk 00:26:45]} {[%emt 00:00:04]} Kxf8 {[%clk 00:10:52]}
{[%emt 00:00:11]} 30. h4 {[%clk 00:26:57]} {[%emt 00:00:21]} f6 {[%clk
00:09:33]} {[%emt 00:01:48]} 31. Kf1 {[%clk 00:26:50]} {[%emt 00:00:37]} f5
{[%clk 00:09:08]} {[%emt 00:00:54]} 32. f3 {[%clk 00:27:12]} {[%emt 00:00:09]}
Kf7 {[%clk 00:09:06]} {[%emt 00:00:31]} 33. Ke2 {[%clk 00:27:32]} {[%emt
00:00:10]} Kg7 {[%clk 00:08:31]} {[%emt 00:01:04]} 34. g5 {[%clk 00:27:12]}
{[%emt 00:00:51]} Kf7 {[%clk 00:08:34]} {[%emt 00:00:27]} 35. Kd3 {[%clk
00:27:28]} {[%emt 00:00:15]} Ke7 {[%clk 00:08:47]} {[%emt 00:00:16]} 36. Kc3
{[%clk 00:27:37]} {[%emt 00:00:21]} Kd7 {[%clk 00:08:57]} {[%emt 00:00:19]} 37.
Kb4 {[%clk 00:27:59]} {[%emt 00:00:09]} Ke7 {[%clk 00:08:32]} {[%emt 00:00:55]}
38. Kb5 {[%clk 00:28:21]} {[%emt 00:00:08]} Kd7 {[%clk 00:08:24]} {[%emt
00:00:37]} 39. f4 {[%clk 00:28:38]} {[%emt 00:00:14]} 1-0

[Event "ODJM A 2024"]
[Site "Willingen GER"]
[Date "2024.05.25"]
[Round "9"]
[White "Harutyunyan, Hovhannes"]
[Black "Sabirov, Rafael"]
[Result "1-0"]
[Termination "normal"]
[Board "9"]
[WhiteElo "1914"]
[BlackElo "2169"]
[WhiteClock "00:39:16"]
[BlackClock "00:02:31"]
[PlyCount "77"]
[WhiteFideId "16281942"]
[BlackFideId "16241185"]
[EventCountry "GER"]
[EventRounds "9"]
[EventType "swiss"]
[EventDate "2024.05.18"]

1. e4 {[%clk 01:30:59]} c5 {[%clk 01:30:55]} {[%emt 00:00:04]} 2. Nf3 {[%clk
01:31:26]} {[%emt 00:00:05]} e6 {[%clk 01:31:21]} {[%emt 00:00:02]} 3. d4
{[%clk 01:31:54]} {[%emt 00:00:02]} cxd4 {[%clk 01:31:46]} {[%emt 00:00:05]} 4.
Nxd4 {[%clk 01:32:22]} {[%emt 00:00:03]} Nc6 {[%clk 01:32:07]} {[%emt
00:00:08]} 5. Bf4 {[%clk 01:32:28]} {[%emt 00:00:23]} Qa5+ {[%clk 01:16:33]}
{[%emt 00:16:04]} 6. Nc3 {[%clk 01:27:25]} {[%emt 00:05:34]} Nxd4 {[%clk
00:59:15]} {[%emt 00:17:48]} 7. Qxd4 {[%clk 01:27:49]} {[%emt 00:00:06]} Qb4
{[%clk 00:47:40]} {[%emt 00:12:05]} 8. Qd2 {[%clk 01:23:21]} {[%emt 00:04:59]}
a6 {[%clk 00:47:00]} {[%emt 00:01:09]} 9. O-O-O {[%clk 01:20:41]} {[%emt
00:03:10]} Ne7 {[%clk 00:42:07]} {[%emt 00:05:22]} 10. Bd6 {[%clk 01:19:41]}
{[%emt 00:01:30]} Qa5 {[%clk 00:41:43]} {[%emt 00:00:54]} 11. f4 {[%clk
01:17:47]} {[%emt 00:02:24]} Nc6 {[%clk 00:37:22]} {[%emt 00:04:51]} 12. g4
{[%clk 01:14:26]} {[%emt 00:03:51]} Bxd6 {[%clk 00:37:27]} {[%emt 00:00:25]}
13. Qxd6 {[%clk 01:14:53]} {[%emt 00:00:04]} Qb4 {[%clk 00:37:45]} {[%emt
00:00:11]} 14. Qd2 {[%clk 01:14:35]} {[%emt 00:00:48]} O-O {[%clk 00:37:19]}
{[%emt 00:00:55]} 15. h4 {[%clk 01:14:28]} {[%emt 00:00:39]} d5 {[%clk
00:36:49]} {[%emt 00:01:00]} 16. e5 {[%clk 01:08:43]} {[%emt 00:06:15]} b5
{[%clk 00:32:05]} {[%emt 00:05:15]} 17. Bd3 {[%clk 01:03:30]} {[%emt 00:05:42]}
Qa5 {[%clk 00:29:53]} {[%emt 00:02:42]} 18. Kb1 {[%clk 01:01:52]} {[%emt
00:02:09]} Bb7 {[%clk 00:28:50]} {[%emt 00:01:32]} 19. g5 {[%clk 00:59:30]}
{[%emt 00:02:52]} Nb4 {[%clk 00:28:33]} {[%emt 00:00:46]} 20. a3 {[%clk
00:49:21]} {[%emt 00:10:40]} Nxd3 {[%clk 00:27:10]} {[%emt 00:01:52]} 21. Qxd3
{[%clk 00:44:25]} {[%emt 00:05:27]} b4 {[%clk 00:26:12]} {[%emt 00:01:28]} 22.
axb4 {[%clk 00:44:17]} {[%emt 00:00:38]} Qxb4 {[%clk 00:26:35]} {[%emt
00:00:07]} 23. Qd4 {[%clk 00:44:41]} {[%emt 00:00:06]} a5 {[%clk 00:22:58]}
{[%emt 00:04:06]} 24. Qxb4 {[%clk 00:42:50]} {[%emt 00:02:22]} axb4 {[%clk
00:23:27]} 25. Nb5 {[%clk 00:43:13]} {[%emt 00:00:07]} Ra5 {[%clk 00:21:15]}
{[%emt 00:02:42]} 26. Nd4 {[%clk 00:42:54]} {[%emt 00:00:49]} Rfa8 {[%clk
00:20:20]} {[%emt 00:01:25]} 27. Kc1 {[%clk 00:42:58]} {[%emt 00:00:26]} g6
{[%clk 00:18:11]} {[%emt 00:02:39]} 28. Kd2 {[%clk 00:42:12]} {[%emt 00:01:17]}
Ra2 {[%clk 00:17:25]} {[%emt 00:01:15]} 29. b3 {[%clk 00:42:23]} {[%emt
00:00:18]} Kf8 {[%clk 00:16:34]} {[%emt 00:01:21]} 30. h5 {[%clk 00:42:05]}
{[%emt 00:00:48]} Ke7 {[%clk 00:12:16]} {[%emt 00:04:48]} 31. hxg6 {[%clk
00:42:25]} {[%emt 00:00:10]} hxg6 {[%clk 00:12:37]} {[%emt 00:00:08]} 32. Rh7
{[%clk 00:42:36]} {[%emt 00:00:20]} Ra1 {[%clk 00:11:22]} {[%emt 00:01:46]} 33.
Rxa1 {[%clk 00:41:29]} {[%emt 00:01:37]} Rxa1 {[%clk 00:11:48]} {[%emt
00:00:03]} 34. f5 {[%clk 00:40:50]} {[%emt 00:01:10]} exf5 {[%clk 00:05:10]}
{[%emt 00:07:07]} 35. e6 {[%clk 00:40:58]} {[%emt 00:00:23]} Bc8 {[%clk
00:05:31]} {[%emt 00:00:08]} 36. exf7 {[%clk 00:38:08]} {[%emt 00:03:21]} Ra8
{[%clk 00:03:56]} {[%emt 00:02:04]} 37. Nc6+ {[%clk 00:38:29]} {[%emt
00:00:09]} Kf8 {[%clk 00:04:16]} {[%emt 00:00:09]} 38. Ne5 {[%clk 00:38:52]}
{[%emt 00:00:08]} Ba6 {[%clk 00:02:31]} {[%emt 00:02:14]} 39. Nxg6# {[%clk
00:39:16]} {[%emt 00:00:07]} 1-0

[Event "ODJM A 2024"]
[Site "Willingen GER"]
[Date "2024.05.25"]
[Round "9"]
[White "Gallasch, Robin"]
[Black "Weyerer, Noah"]
[Result "1/2-1/2"]
[Termination "normal"]
[Board "10"]
[WhiteElo "2119"]
[BlackElo "1869"]
[WhiteClock "00:00:56"]
[BlackClock "00:06:23"]
[PlyCount "80"]
[WhiteFideId "16222423"]
[BlackFideId "16250664"]
[EventCountry "GER"]
[EventRounds "9"]
[EventType "swiss"]
[EventDate "2024.05.18"]

1. d4 {[%clk 01:30:15]} {[%emt 00:00:43]} e6 {[%clk 01:30:53]} {[%emt
00:00:08]} 2. c4 {[%clk 01:30:39]} {[%emt 00:00:05]} f5 {[%clk 01:31:20]}
{[%emt 00:00:04]} 3. g3 {[%clk 01:31:04]} {[%emt 00:00:05]} Nf6 {[%clk
01:31:46]} {[%emt 00:00:03]} 4. Bg2 {[%clk 01:31:30]} {[%emt 00:00:04]} Be7
{[%clk 01:32:10]} {[%emt 00:00:07]} 5. Nf3 {[%clk 01:31:55]} {[%emt 00:00:04]}
O-O {[%clk 01:32:35]} {[%emt 00:00:05]} 6. O-O {[%clk 01:32:21]} {[%emt
00:00:04]} d6 {[%clk 01:33:02]} {[%emt 00:00:04]} 7. Nc3 {[%clk 01:32:46]}
{[%emt 00:00:04]} Ne4 {[%clk 01:33:28]} {[%emt 00:00:04]} 8. Nxe4 {[%clk
01:33:12]} {[%emt 00:00:07]} fxe4 {[%clk 01:33:52]} {[%emt 00:00:03]} 9. Ne1
{[%clk 01:33:39]} {[%emt 00:00:03]} d5 {[%clk 01:34:14]} {[%emt 00:00:08]} 10.
Be3 {[%clk 01:34:04]} {[%emt 00:00:07]} Nc6 {[%clk 01:34:33]} {[%emt 00:00:08]}
11. Rc1 {[%clk 01:34:29]} {[%emt 00:00:05]} Bf6 {[%clk 01:34:38]} {[%emt
00:00:25]} 12. f3 {[%clk 01:32:36]} {[%emt 00:02:23]} exf3 {[%clk 01:22:46]}
{[%emt 00:12:22]} 13. Nxf3 {[%clk 01:26:54]} {[%emt 00:06:12]} Ne7 {[%clk
01:18:23]} {[%emt 00:04:54]} 14. Bf4 {[%clk 00:47:56]} {[%emt 00:39:28]} c6
{[%clk 01:16:06]} {[%emt 00:02:46]} 15. Qc2 {[%clk 00:33:39]} {[%emt 00:14:46]}
Nf5 {[%clk 01:12:53]} {[%emt 00:03:44]} 16. Rcd1 {[%clk 00:19:46]} {[%emt
00:14:24]} g5 {[%clk 01:04:41]} {[%emt 00:08:41]} 17. Bc1 {[%clk 00:19:29]}
{[%emt 00:00:47]} g4 {[%clk 00:51:37]} {[%emt 00:13:35]} 18. Ne5 {[%clk
00:18:20]} {[%emt 00:01:39]} Bxe5 {[%clk 00:50:35]} {[%emt 00:01:32]} 19. dxe5
{[%clk 00:18:44]} {[%emt 00:00:05]} Bd7 {[%clk 00:41:41]} {[%emt 00:09:25]} 20.
e4 {[%clk 00:15:18]} {[%emt 00:03:55]} dxe4 {[%clk 00:39:27]} {[%emt 00:02:44]}
21. Qxe4 {[%clk 00:15:37]} {[%emt 00:00:11]} h5 {[%clk 00:34:27]} {[%emt
00:05:30]} 22. Qf4 {[%clk 00:15:02]} {[%emt 00:01:05]} Rf7 {[%clk 00:32:34]}
{[%emt 00:02:24]} 23. Qg5+ {[%clk 00:14:59]} {[%emt 00:00:32]} Qxg5 {[%clk
00:32:13]} {[%emt 00:00:51]} 24. Bxg5 {[%clk 00:15:24]} {[%emt 00:00:05]} Rc8
{[%clk 00:18:45]} {[%emt 00:13:58]} 25. Rd2 {[%clk 00:13:14]} {[%emt 00:02:40]}
Kf8 {[%clk 00:18:18]} {[%emt 00:00:57]} 26. Rfd1 {[%clk 00:12:51]} {[%emt
00:00:53]} Ke8 {[%clk 00:18:25]} {[%emt 00:00:24]} 27. Be4 {[%clk 00:12:54]}
{[%emt 00:00:26]} Rc7 {[%clk 00:17:29]} {[%emt 00:01:27]} 28. c5 {[%clk
00:04:33]} {[%emt 00:08:50]} Ne7 {[%clk 00:14:10]} {[%emt 00:03:49]} 29. Bf6
{[%clk 00:02:51]} {[%emt 00:02:13]} Nf5 {[%clk 00:09:56]} {[%emt 00:04:44]} 30.
b4 {[%clk 00:02:53]} {[%emt 00:00:28]} Ne7 {[%clk 00:09:49]} {[%emt 00:00:37]}
31. a4 {[%clk 00:03:16]} {[%emt 00:00:07]} a6 {[%clk 00:10:03]} {[%emt
00:00:15]} 32. Rd3 {[%clk 00:02:00]} {[%emt 00:01:45]} Nf5 {[%clk 00:09:47]}
{[%emt 00:00:47]} 33. R1d2 {[%clk 00:01:27]} {[%emt 00:01:03]} Ne7 {[%clk
00:09:38]} {[%emt 00:00:39]} 34. Kf1 {[%clk 00:01:21]} {[%emt 00:00:36]} Kd8
{[%clk 00:08:08]} {[%emt 00:02:00]} 35. Ke1 {[%clk 00:01:08]} {[%emt 00:00:44]}
Kc8 {[%clk 00:08:04]} {[%emt 00:00:33]} 36. Kd1 {[%clk 00:00:56]} {[%emt
00:00:41]} Nd5 {[%clk 00:07:55]} {[%emt 00:00:41]} 37. Bg6 {[%clk 00:00:44]}
{[%emt 00:00:41]} Rf8 {[%clk 00:07:55]} {[%emt 00:00:30]} 38. Rd4 {[%clk
00:00:40]} {[%emt 00:00:34]} Be8 {[%clk 00:06:37]} {[%emt 00:01:48]} 39. Be4
{[%clk 00:00:42]} {[%emt 00:00:28]} Rd7 {[%clk 00:06:09]} {[%emt 00:00:57]} 40.
Bxd5 {[%clk 00:00:56]} {[%emt 00:00:17]} Rxd5 {[%clk 00:06:23]} {[%emt
00:00:16]} 1/2-1/2

[Event "ODJM A 2024"]
[Site "Willingen GER"]
[Date "2024.05.25"]
[Round "9"]
[White "Longo, Massimo"]
[Black "Bock, Marlon"]
[Result "1-0"]
[Termination "normal"]
[Board "11"]
[WhiteElo "1945"]
[BlackElo "2049"]
[WhiteClock "00:17:30"]
[BlackClock "00:19:12"]
[PlyCount "87"]
[WhiteFideId "16205227"]
[BlackFideId "16244931"]
[EventCountry "GER"]
[EventRounds "9"]
[EventType "swiss"]
[EventDate "2024.05.18"]

1. b3 {[%clk 01:30:57]} {[%emt 00:00:03]} d5 {[%clk 01:30:25]} {[%emt
00:00:35]} 2. Bb2 {[%clk 01:31:11]} {[%emt 00:00:16]} Nf6 {[%clk 01:30:27]}
{[%emt 00:00:28]} 3. e3 {[%clk 01:31:01]} {[%emt 00:00:40]} e6 {[%clk
01:30:43]} {[%emt 00:00:14]} 4. Nf3 {[%clk 01:31:07]} {[%emt 00:00:23]} c5
{[%clk 01:31:03]} {[%emt 00:00:10]} 5. d4 {[%clk 01:31:08]} {[%emt 00:00:29]}
Nc6 {[%clk 01:30:21]} {[%emt 00:01:13]} 6. Nbd2 {[%clk 01:27:55]} {[%emt
00:03:42]} Bd6 {[%clk 01:29:38]} {[%emt 00:01:13]} 7. Bd3 {[%clk 01:23:28]}
{[%emt 00:04:58]} O-O {[%clk 01:29:59]} {[%emt 00:00:09]} 8. O-O {[%clk
01:23:53]} {[%emt 00:00:05]} b6 {[%clk 01:29:56]} {[%emt 00:00:33]} 9. Ne5
{[%clk 01:23:54]} {[%emt 00:00:29]} Bb7 {[%clk 01:30:08]} {[%emt 00:00:17]} 10.
f4 {[%clk 01:17:21]} {[%emt 00:07:03]} Rc8 {[%clk 01:30:14]} {[%emt 00:00:25]}
11. a3 {[%clk 01:17:34]} {[%emt 00:00:17]} Ne7 {[%clk 01:24:55]} {[%emt
00:05:49]} 12. Qe2 {[%clk 01:07:46]} {[%emt 00:10:17]} Ne4 {[%clk 01:22:28]}
{[%emt 00:02:58]} 13. Nxe4 {[%clk 01:06:12]} {[%emt 00:02:03]} dxe4 {[%clk
01:22:53]} {[%emt 00:00:06]} 14. Bb5 {[%clk 01:02:54]} {[%emt 00:03:48]} Nc6
{[%clk 01:16:28]} {[%emt 00:06:55]} 15. Nxc6 {[%clk 01:02:02]} {[%emt
00:01:22]} Bxc6 {[%clk 01:16:43]} {[%emt 00:00:15]} 16. Ba6 {[%clk 01:02:24]}
{[%emt 00:00:08]} Rc7 {[%clk 01:04:58]} {[%emt 00:12:16]} 17. dxc5 {[%clk
00:55:20]} {[%emt 00:07:34]} Bxc5 {[%clk 00:57:23]} {[%emt 00:08:04]} 18. b4
{[%clk 00:52:05]} {[%emt 00:03:45]} Bd6 {[%clk 00:55:51]} {[%emt 00:02:01]} 19.
Rad1 {[%clk 00:44:55]} {[%emt 00:07:40]} Rd7 {[%clk 00:53:00]} {[%emt
00:03:22]} 20. Rd2 {[%clk 00:31:32]} {[%emt 00:13:53]} Qe7 {[%clk 00:52:15]}
{[%emt 00:01:14]} 21. Rfd1 {[%clk 00:31:00]} {[%emt 00:01:02]} Rfd8 {[%clk
00:51:33]} {[%emt 00:01:13]} 22. Bb5 {[%clk 00:30:23]} {[%emt 00:01:07]} Bxb5
{[%clk 00:47:04]} {[%emt 00:04:59]} 23. Qxb5 {[%clk 00:30:48]} {[%emt
00:00:04]} f6 {[%clk 00:43:02]} {[%emt 00:04:32]} 24. Qc6 {[%clk 00:29:32]}
{[%emt 00:01:46]} Kf7 {[%clk 00:39:45]} {[%emt 00:03:48]} 25. c4 {[%clk
00:25:58]} {[%emt 00:04:05]} Ke8 {[%clk 00:38:04]} {[%emt 00:02:10]} 26. Qxe4
{[%clk 00:25:06]} {[%emt 00:01:22]} Bxb4 {[%clk 00:26:49]} {[%emt 00:11:45]}
27. Rxd7 {[%clk 00:25:26]} {[%emt 00:00:09]} Rxd7 {[%clk 00:27:16]} {[%emt
00:00:04]} 28. Rxd7 {[%clk 00:25:48]} {[%emt 00:00:08]} Qxd7 {[%clk 00:27:07]}
{[%emt 00:00:03]} 29. axb4 {[%clk 00:26:18]} Qd1+ {[%clk 00:21:34]} {[%emt
00:06:39]} 30. Kf2 {[%clk 00:26:17]} {[%emt 00:00:31]} Qd2+ {[%clk 00:22:02]}
{[%emt 00:00:02]} 31. Kf3 {[%clk 00:26:39]} {[%emt 00:00:07]} Qxb2 {[%clk
00:22:25]} {[%emt 00:00:07]} 32. Qa8+ {[%clk 00:27:05]} {[%emt 00:00:05]} Kf7
{[%clk 00:22:49]} {[%emt 00:00:06]} 33. Qxa7+ {[%clk 00:27:31]} {[%emt
00:00:04]} Kg6 {[%clk 00:23:14]} {[%emt 00:00:04]} 34. Qxb6 {[%clk 00:27:56]}
{[%emt 00:00:06]} Qb1 {[%clk 00:22:04]} {[%emt 00:01:41]} 35. Qxe6 {[%clk
00:27:01]} {[%emt 00:01:23]} Qxb4 {[%clk 00:20:21]} {[%emt 00:02:13]} 36. f5+
{[%clk 00:25:54]} {[%emt 00:01:38]} Kh6 {[%clk 00:20:35]} {[%emt 00:00:15]} 37.
Qd5 {[%clk 00:22:23]} {[%emt 00:04:01]} Qb1 {[%clk 00:18:39]} {[%emt 00:02:26]}
38. Qe4 {[%clk 00:20:52]} {[%emt 00:02:01]} Qd1+ {[%clk 00:18:22]} {[%emt
00:00:47]} 39. Kg3 {[%clk 00:21:08]} {[%emt 00:00:13]} g5 {[%clk 00:18:31]}
{[%emt 00:00:22]} 40. fxg6 {[%clk 00:20:55]} {[%emt 00:00:44]} hxg6 {[%clk
00:18:57]} {[%emt 00:00:04]} 41. Qf4+ {[%clk 00:17:19]} {[%emt 00:04:05]} Kg7
{[%clk 00:19:12]} {[%emt 00:00:15]} 42. h3 {[%clk 00:17:20]} {[%emt 00:00:29]}
g5 {[%clk 00:19:23]} {[%emt 00:00:20]} 43. Qd4 {[%clk 00:17:30]} {[%emt
00:00:19]} Qb1 {[%clk 00:19:12]} {[%emt 00:00:41]} 44. c5 {[%emt 00:01:04]} 1-0